Welcome to the Holygrace Academy Library

Please use search bar below to get started

RUINED (Record no. 3520)

MARC details
000 -LEADER
fixed length control field 00580nam a22001457a 4500
020 ## - INTERNATIONAL STANDARD BOOK NUMBER
ISBN 978-81-8477-620-1
082 ## - DEWEY DECIMAL CLASSIFICATION NUMBER
Classification number 823
Item number MOR/R
100 ## - MAIN ENTRY--AUTHOR NAME
Personal name MORRIS, PAULA
245 ## - TITLE STATEMENT
Title RUINED
260 ## - PUBLICATION, DISTRIBUTION, ETC. (IMPRINT)
Place of publication DELHI
Name of publisher POINT
Year of publication 2009
300 ## - PHYSICAL DESCRIPTION
Number of Pages 809
520 ## - SUMMARY, ETC.
Summary, etc Ostracized as an outsider, Rebecca struggles to fit in and cope with her new surroundings. When she befriends Lisette, a ghost who has haunted the cemetery ever since her mysterious death 155 years earlier, Rebecca is drawn into an eerie story of betrayal, loss, old curses and family secrets.
650 ## - SUBJECT ADDED ENTRY--TOPICAL TERM
Topical Term NOVEL
Geographic subdivision INDIA
942 ## - ADDED ENTRY ELEMENTS (KOHA)
Koha item type Books
Holdings
Withdrawn status Lost status Collection code Home library Current library Shelving location Date acquired Source of acquisition Cost, normal purchase price Full call number Accession Number Koha item type
    Fiction Main Library Main Library SHELF 14 H ALPHEBETICAL - M-FICTION 03/12/2013 purchase 299.00 823 MOR/R 07620 Books